000
00208 a2200097 4500
001
10537
100
_a
Page, C H
245
_a
Algebra of electronics, The.
260
_a
_b
D Van Nost
_c
090
_c
8152
_d
8152
942
_a
NUST-CAE
_c
M
_c
34881
999
_c
245610
_d
245610